Rozvojová politika EÚ po rozšírení

Vývoj rozvojovej politiky Európskej únie. Hranica rozvojovej pomoci - 0,7 percent hrubého národného príjmu. Rozvojová pomoc poskytovaná Európskou úniou. Analýza rozvojovej pomoci jednotlivých členských štátov EÚ.

Enregistré dans:
Détails bibliographiques
Auteur principal: Hlavová, Natália, 1991-
Format: Chapitre de livre
Langue:slovaque
Sujets:
Tags: Ajouter un tag
Pas de tags, Soyez le premier à ajouter un tag!

MARC

LEADER 00000nla a2200000 4500
001 0198979
005 20240502073348.6
041 0 |a slo 
044 |a SK 
245 1 0 |a Rozvojová politika EÚ po rozšírení  |c Natália Hlavová 
520 |a Vývoj rozvojovej politiky Európskej únie. Hranica rozvojovej pomoci - 0,7 percent hrubého národného príjmu. Rozvojová pomoc poskytovaná Európskou úniou. Analýza rozvojovej pomoci jednotlivých členských štátov EÚ. 
610 2 0 |a pomoc rozvojová 
610 2 0 |a politika rozvojová 
610 2 0 |a príjmy 
610 2 0 |a financie 
610 2 0 |a Európska únia 
100 1 |a Hlavová, Natália, 1991-